Statistics for Pizza Tower Characters

Click here to take the quiz!

General Stats

  • This quiz has been taken 78 times
  • The average score is 25 of 75

Answer Stats

HintAnswer% Correct
Italian chef; protagonist.Peppino/Peppino Spaghetti
98%
Italian chef; owns a rat.Gustavo
96%
An annoying gremlin that owns NTV.Noise/The Noise
96%
A red bell pepper.Pepperman
91%
Cowboy cheeseslime.Vigilante/The Vigilante
91%
The rat mentioned above.Brick
89%
Sentient pizza.Pizzaface
89%
A failed clone of the protagonist.Fake Peppino
87%
A pillar in every level.John/Pillar John
87%
Owner of the Pizza Tower; antagonist.Pizzahead
87%
A chicken.Mort
82%
Peppino gives money to for boss arenas.Mr. Stick
78%
5 collectables throughout levels, giving you 1000 points.Toppin
76%
First ever enemy you see; sentient cheese.Cheeseslime
69%
Pizza Tower's janitor.Gerome
64%
Cutout.Pizza Boy
62%
A knight trying to find lunch; sentient cheese.Forknight
58%
A sentient pizza that gives you information.Pizza Granny
58%
Drops bananas.Swedish Monkey
47%
A smaller version of the pillar.Mini John
42%
Animal blocking the way; killable with transformations.Stupid Rat
40%
Blue fish with wings.Flying Anchovy
36%
Kicks you into the Ball tranformation.Pepperoni Goblin
36%
A pepper enemy that charges at you.Pencer
31%
Throws spicy wings that gives you the Firemouth transformation.Kentucky Kenny
27%
Throws bombs at you.Pizza Box Goblin
24%
Charges at you with it's mouth when you are near it.Bad Rat
22%
Turns you into the ghost transformation.Mushroom Ghost
22%
Vegetable farmer that charges at you.Potato Farmer
22%
An UFO/trooper enemy.UFOlive/Olive Trooper
22%
Sleeping until you are near it; drops bone bombs.Bandito Chicken
20%
A ghost version of the pillar.John Ghost
20%
Shoots arrows at you.Noise Goblin
20%
Robotic version of the protagonist.Peppibot
20%
Clone of the protagonist.Peppino Clone
20%
Has shades, damages you from the topPineacool
20%
Sentient cheese; damages you with a spiky cheeseball.Spit Cheese
20%
Throws a projectile at you.Tribe Cheese
20%
Vegetable farmer that either charges at you, or throws sickles.Eggplantmobile
18%
An enemy only killable with a certain chicken.Electric Potato
18%
Drops snowmen in the form of presents.Fake Santa
18%
Vegetable farmer that either charges at you, or throws torches.Peasanto
18%
Shoots lightning at you.Pizzard
18%
Damages you with a carrot nose.Snowman
18%
burgBurger Golfer
16%
A pile of bones with cheese.Gabaghoul
16%
Runs after you when seen; damaging if touched.Golf Demon
16%
A hand.Grabbie Hand
16%
Golf ball used in GOLF.Greaseball
16%
Makes traps (like big outlets) operatable.King Ghost
16%
Grabs you and throws you upwards.Mr. Pinch
16%
Smaller version of an annoying gremlin.Noisey
16%
Coughs smoke, can also shoot bullets.Pizza Slug
16%
A shooter that shoots when you are near it.Ranch Shooter
16%
Animatronics.Toppin Monsters
16%
A tomato that bounces around.Clownmato
13%
Pig that makes you stuck in handcuffs.Hamkuff
13%
Teenage Mutant Ninja Turtles reference.Ninja Slice
13%
Disappears and reappears; damaging you when reappearing.Pickle
13%
Frozen pizza.Pizzice
13%
Will either punch you or throw a knife at you.Shrimp Thug
13%
Gives you the lid, making you slide.Trash Pan
13%
A sausage with a cigarette.Weenie
13%
Sentient cheese that turns you into the Ball transformation.Big Cheese
11%
Shoots bombs out of a cannon.Cannon Pizza Goblin
11%
Ghost version of a knight.Ghostknight
11%
Drops wings that explode.Kentucky Bomber
11%
A soldier that uses a bush as disguise.Pizza Soldier
11%
Gives you points when killed; has a guy inside of it.Treasure Chest Guy
11%
Shoots pizza rockets; can kill things in the way.Cardboard Tank
9%
Bat version of a goblin enemy.Pepperoni Bat Goblin
9%
Pineapple that bites.Piraneapple
9%
Makes you a pizza box.Box Stamper
7%
Turns you into the Cheeseball transformation.Giant Slime
7%
Starts the animatronic chase with a 5 second alarm.Patroller
7%

Score Distribution

Percentile by Number Answered

Percent of People with Each Score

Your Score History

You have not taken this quiz